Bus 13 du réseau Ilevia - Statistiques

Statistiques générales
  • Ce quiz a été pris 24 fois
    15 depuis la dernière actualisation
  • Le résultat moyen est 19 sur 43
Statistiques - réponses
Indice Réponse % Correct
13,18,32,CO1,CO3,N1,M1 Villeneuve d'Ascq Hôtel De Ville
100%
13,52,N1,M1 Lille Fives
90%
13,32,34,73,910,968,CO3,L6,M1 Pont de Bois
90%
13,C9,L6,M2 Fort de Mons
70%
13 Bois Blancs
60%
13,CO3 Florence
60%
13 Tremière
60%
13,18,CO1,N1 Valmy
60%
13,34,73,910,968 Annappes République
50%
13,73,910 Ascq Village
50%
13,34,73,968 Baudouin IX
50%
13,922 Faidherbe
50%
13,922 ( Vers Villeneuve d'Ascq Hôtel de Ville) Flers Masquelier
50%
13,32,CO3,L6 La Chesnaie
50%
13,73,910 Masséna
50%
13,M2 Mons Sarts
50%
13,73 Montalembert
50%
13,34,73,968 Petit Boulevard
50%
13,34,73,968 Poste d'Annappes
50%
13 Résidence
50%
13,922 Colpin
40%
13 ( Vers Villeneuve d'Ascq Hôtel de Ville) Fiacres
40%
13,922 Flers Bourg
40%
13 Moulin d'Ascq
40%
13,922 Parmentier
40%
13,CO3 Trocadéro
40%
13,73,910 Baratte
30%
13 Bouderiez
30%
13 Bourgogne
30%
13 (Non desservi le Dimanche et les jours feriés) Campus
30%
13 Chapelle D'Elocques
30%
13,922 Chappe
30%
13,922 Gendarmerie
30%
13,CO3 Ladrière
30%
13 Montagnards
30%
13 Square des Mères
30%
13 Ancienne Mairie
20%
13,922 Bd de Mons
20%
13 Bd Leclerc
20%
13 Lavoisier
20%
13 Montesquieu
20%
13 Prévost
20%
13 Sablière
20%
Aucun quiz correspondant
Distribution des résultats
% des personnes avec chaque résultat
Percentile par nombre de réponses
Votre historique - résultats
Vous n’avez pas pris ce quiz depuis la dernière actualisation